| 000 | 00916nam a22002537a 4500 | ||
|---|---|---|---|
| 005 | 20170123162319.0 | ||
| 010 | _aA-304666 | ||
| 020 | _c60.00 | ||
| 035 | _aA-304666 | ||
| 037 | _bCen Lib/Ret | ||
| 040 |
_aDPL _bUR |
||
| 082 |
_a841.04 _bا م ی |
||
| 100 |
_aگولی چند نارنگ _9421 |
||
| 245 |
_aامیر خسرو کا ہندوی کلام مح نسخہ برلن ذخیرہ اشپر نگر / _c گولی چند نارنگ |
||
| 246 |
_aAmeer Khusro ka hindavi kalam naskha barlan zakheerah ashpar nagar / _bby Gopichand Narag |
||
| 260 |
_aشکاگو _bامیر خسرو سوسائٹی وف امریکا _c1987 |
||
| 270 | _bشکاگو | ||
| 300 |
_a191p. _c21cm(Hb) |
||
| 650 |
_aاردو ادب _9139241 |
||
| 650 |
_aاردو غزل _9139242 |
||
| 650 |
_aUrdu literature _9139243 |
||
| 650 |
_aUrdu poetry _9139244 |
||
| 942 |
_2ddc _cUR _h841.04 _mا م ی |
||
| 999 |
_c106954 _d106954 |
||